| 000 | 00723nam a22002177a 4500 | ||
|---|---|---|---|
| 008 | 081021t xxu||||| |||| 00| 0 eng d | ||
| 010 | _aENG-91399 | ||
| 020 |
_a9788188649167 _c200.00 |
||
| 035 | _aEN-74932 | ||
| 037 | _bDBAD / PUB | ||
| 040 |
_adpl _bEnglish |
||
| 082 | _a540 | ||
| 100 | _aGowthaman, D. | ||
| 245 |
_aGeneral chemistry / _cby D. Gowthaman |
||
| 260 |
_aMelmaruvathur _bRaamalingaa Publication _c2008 |
||
| 270 | _aPost Box NO.-1, Melmaruvathur | ||
| 300 |
_a272p. _c20cm (pbk) |
||
| 650 | _aChemistry | ||
| 942 |
_2ddc _cEN _mGOW _h540 |
||
| 999 |
_c16951 _d16951 |
||